LEADER 01064cam2 22002771 450 001 SOBE00052320 005 20160524122218.0 100 $a20160510d1948 |||||ita|0103 ba 101 $aita 102 $aIT 200 1 $a<<1: >>Testi$fRaffaele Cantarella 210 $aMilano$c"Vita e Pensiero"$d1948 215 $a1 v.$d26 cm 225 2 $aPubblicazioni dell'Universitą Cattolica del Sacro Cuore$hSerie corsi universitari$vXXII 410 1$1001LAEC00021316$12001 $a*Pubblicazioni dell'Universitą Cattolica del Sacro Cuore. Serie corsi universitari$vXXII 461 1$1001E600200011310$12001 $aPoeti Bizantini / Raffaele Cantarella 700 1$aCantarella$b, Raffaele$3A600200031538$4070$0161950 801 0$aIT$bUNISOB$c20160524$gRICA 850 $aUNISOB 852 $aUNISOB$j000|Coll|12|K$m23752 912 $aSOBE00052320 940 $aM 102 Monografia moderna SBN 941 $aM 957 $a000|Coll|12|K$b000020$i-1$gSI$d23752$racquisto$1bethb$2UNISOB$3UNISOB$420160510105849.0$520160524122218.0$6bethb 996 $aTesti$9150650 997 $aUNISOB LEADER 01540nam 2200433 450 001 9910574079203321 005 20221213101459.0 010 $a9783030543006$b(electronic bk.) 010 $z9783030542993 035 $a(MiAaPQ)EBC7002627 035 $a(Au-PeEL)EBL7002627 035 $a(CKB)23031081800041 035 $aEBL7002627 035 $a(AU-PeEL)EBL7002627 035 $a(PPN)26914840X 035 $a(EXLCZ)9923031081800041 100 $a20221213d2022 uy 0 101 0 $aeng 135 $aurcnu|||||||| 181 $ctxt$2rdacontent 182 $cc$2rdamedia 183 $acr$2rdacarrier 200 10$aOrthodontic-surgical partnership in cleft lip and palate treatment $eachieving good occlusion, facial aesthetics, speech and psychosocial development /$fSamuel Berkowitz 210 1$aCham, Switzerland :$cSpringer,$d[2022] 210 4$d©2022 215 $a1 online resource (272 pages) 300 $aDescription based upon print version of record. 311 08$aPrint version: Berkowitz, Samuel Orthodontic-Surgical Partnership in Cleft Lip and Palate Treatment Cham : Springer International Publishing AG,c2022 9783030542993 320 $aIncludes bibliographical references. 606 $aSurgery 615 0$aSurgery. 676 $a605 700 $aBerkowitz$b Samuel$f1928-$01271319 801 0$bMiAaPQ 801 1$bMiAaPQ 801 2$bMiAaPQ 912 $a9910574079203321 996 $aOrthodontic-surgical partnership in cleft lip and palate treatment$92994704 997 $aUNINA LEADER 01623nam 22005294a 450 001 9910795752303321 005 20231130225710.0 010 0 $a0198042205 010 0 $a9780198042204 010 $a0-19-978539-2 010 $a9786611163457 010 $a1-4356-1970-6 010 $a0-19-804220-5 010 $a0-19-988582-6 010 $a0-19-530922-7 010 $a1-281-16345-7 035 $a(MiAaPQ)EBC7033815 035 $a(CKB)24235105500041 035 $a(MiAaPQ)EBC3053138 035 $a(Au-PeEL)EBL3053138 035 $a(CaPaEBR)ebr10283428 035 $a(CaONFJC)MIL116345 035 $a(OCoLC)827886915 035 $a(EXLCZ)9924235105500041 100 $a20060414d2007 uy 0 101 0 $aeng 135 $aur||||||||||| 200 10$aHanuman's tale$b[electronic resource] $ethe messages of a divine monkey /$fPhilip Lutgendorf 210 $aOxford ;$aNew York $cOxford University Press$d2007 215 $axiv, 434 p. $cill 311 $a9780195309225 320 $aIncludes bibliographical references (p. [407]-423) and index. 606 $aHanuman (Hindu deity) 606 $aHanuman (Hindu deity) in literature 606 $aHindu literature, Hindi$xHistory and criticism 615 0$aHanuman (Hindu deity) 615 0$aHanuman (Hindu deity) in literature. 615 0$aHindu literature, Hindi$xHistory and criticism. 676 $a294.5/2113 700 $aLutgendorf$b Philip$0642234 801 0$bMiAaPQ 801 1$bMiAaPQ 801 2$bMiAaPQ 906 $aBOOK 912 $a9910795752303321 996 $aHanuman's tale$93799440 997 $aUNINA